000 00479 a2200145 4500
245 _aListen to the Children
_hprint
020 _a0901269409
650 _aENGLISH LITERATURE
650 _aSHORT STORIES
005 20191021095507.0
260 _aenk
_bGrosvenor Books
_c1979
084 _aHQ755.85 .L57
300 _a[8], 80, [7] p. : ill., music
_b 21 cm.
_c[8], 80, [7] p. : ill., music ; 21 cm.
500 _acompiled by Annejet Campbell ; illustrated by Elisabeth Goward.
999 _c12309
_d12309